000 00603nam a2200205Ia 4500
005 20250326144515.0
008 250326s9999 xx 000 0 und d
020 _a978-0-19-515056-8
037 _aTextbook
040 _aFMSL
_beng
_cFMSL
041 _aeng
_2eng
084 _aX:51(S) P3
_qFMSL
100 _aO'shaughnessy J
_9277195
245 0 _aMarketing power of emotion
_cO'shaughnessy J; O'shaughnessy N J
260 _aNew Delhi
_bNew Delhi, Oxford University
_c2003
300 _a274p
365 _b1713.5999999999999
942 _cTB
_hX:51(S) P3
999 _c1303967
_d1303967